|
|
|
|
| LEADER |
01089nam a2200193 a 4500 |
| 008 |
100701s2004 bg b 000 0 eng d |
| 020 |
|
|
|a 9848584013
|
| 040 |
|
|
|a BD-DhAAL
|c BD-DhAAL
|d BD-DhAAL
|
| 082 |
0 |
0 |
|a 302.23
|2 22
|
| 245 |
1 |
0 |
|a গণমাধ্যম পরিবীক্ষণ :
|b আঞ্চলিক সংবাদ ও সংবাদপত্রে মানবাধিকার সুশাসন চিত্র,/
|c আরশাদ সিদ্দিকী ও সালমা রহমান,সম্পাদনা.
|
| 260 |
|
|
|a ঢাকা :
|b ম্যাস্-লাইন মিডিয়া সেন্টার,
|c ২০০৪
|
| 300 |
|
|
|a ১৬৩ পৃ. ;
|c ২২ সে.মি.
|c ২০০৪
|
| 541 |
1 |
|
|e 00020079
|
| 700 |
1 |
|
|a সিদ্দিকী,আরশাদ.
|
| 700 |
1 |
|
|a রহমান,সালমা.
|
| 650 |
|
0 |
|a Mass media
|
| 852 |
4 |
|
|a Ayesha Abed Library
|j General shelf
|
| 999 |
|
|
|c 9136
|d 9136
|
| 952 |
|
|
|0 0
|1 0
|2 ddc
|4 0
|6 302_230000000000000_GON_2004
|7 0
|9 11394
|a BRACUL
|b BRACUL
|c GEN
|d 2010-07-01
|l 0
|o 302.23 GON
|p 3010020079
|r 2010-07-01
|t 1
|w 2010-07-01
|y BK
|